Câu hỏi-bài tập-trắc nghiệm kinh tế vi mô /

Guardat en:
Dades bibliogràfiques
Autor principal: Nguyễn Như Ý
Altres autors: Nguyễn Hoàng Bảo, Trần Thị Bích Dung
Format: Sách giấy
Idioma:Vietnamese
Publicat: Hà Nội : Thống kê , 1996
Etiquetes: Afegir etiqueta
Sense etiquetes, Sigues el primer a etiquetar aquest registre!
Thư viện lưu trữ: Thư viện Trường Đại học Đà Lạt
LEADER 00726nam a2200277 4500
001 DLU020013032
005 ##6/5/2000
020 # # |a 978- 
041 # # |a vie 
082 # # |a 338.5  |b Kin 
090 # # |a 338.5  |b Kin 
100 # # |a Nguyễn Như Ý 
245 # # |a Câu hỏi-bài tập-trắc nghiệm kinh tế vi mô /  |c Nguyễn Như Ý, Trần Thị Bích Dung, Nguyễn Hoàng Bảo, ...  
260 # # |a Hà Nội :  |b Thống kê ,  |c 1996 
300 # # |a 301 tr.;   |c 24 cm. 
700 # # |a Nguyễn Hoàng Bảo 
700 # # |a Trần Thị Bích Dung 
992 # # |a 20000 
994 # # |a DLU 
900 # # |a False 
911 # # |a Admin 
925 # # |a G 
926 # # |a A 
927 # # |a SH 
980 # # |a Thư viện Trường Đại học Đà Lạt